[Event "Leca da Palmeira op 1st"]
[Site "Leca da Palmeira"]
[Date "2022.07.31"]
[Round "1"]
[White "Mateus, Andre"]
[Black "Das, Sayantan"]
[Result "0-1"]
[WhiteElo "1781"]
[BlackElo "2449"]
[PlyCount "64"]
[EventDate "2022.07.31"]
[EventType "swiss"]
[EventRounds "9"]
[EventCountry "POR"]
[SourceTitle "CBM 209 Extra"]
[Source "ChessBase"]
[SourceDate "2022.09.30"]
[SourceVersion "1"]
[SourceVersionDate "2022.09.30"]
[SourceQuality "1"]

1. e4 e6 2. c4 c5 3. Nc3 Nc6 4. Nf3 Nf6 5. d4 cxd4 6. Nxd4 Bb4 7. Nxc6 bxc6 8. Bd3 e5 9. 0-0 0-0 10. Bg5 h6 11. Bh4 d6 12. Rc1 Rb8 13. b3 Be6 14. Bb1 Re8 15. Qd3 g5 16. Bg3 Nh5 17. Rfd1 Nf4 18. Bxf4 gxf4 19. Na4 Qg5 20. Kh1 Rbd8 21. Qc2 Ba3 22. c5 Bxc1 23. Rxc1 Kh8 24. f3 Rg8 25. b4 Qh4 26. cxd6 Rg5 27. Qd1 Rh5 28. Qg1 Rxd6 29. Nc5 Rd2 30. Nxe6 fxe6 31. b5 cxb5 32. h3 Qxh3+ 0-1

[Event "POR-ch U14"]
[Site "Torres Vedras"]
[Date "2011.04.13"]
[Round "7"]
[White "Mateus, Andre"]
[Black "Aguiar, Henrique Rui Neves"]
[Result "1/2-1/2"]
[WhiteElo "1701"]
[BlackElo "1870"]
[PlyCount "130"]
[EventDate "2011.04.10"]
[EventType "swiss"]
[EventRounds "7"]
[EventCountry "POR"]
[SourceTitle "EXT 2015"]
[Source "ChessBase"]
[SourceDate "2014.11.20"]
[SourceVersion "1"]
[SourceVersionDate "2014.11.20"]
[SourceQuality "1"]

1. e4 c5 2. Nf3 Nc6 3. Bb5 g6 4. 0-0 Bg7 5. c3 Nf6 6. Re1 0-0 7. d4 d5 8. e5 Ne4 9. Nbd2 cxd4 10. cxd4 Nxd2 11. Bxd2 Bg4 12. Bxc6 bxc6 13. h3 Bxf3 14. Qxf3 Qb6 15. Qc3 e6 16. b4 Rab8 17. Rec1 Rfc8 18. a3 Bf8 19. h4 Be7 20. g3 Qb5 21. Rc2 Qa4 22. Rac1 Rb6 23. Qd3 a6 24. Rc3 Qb5 25. Bg5 Qxd3 26. Rxd3 Bxg5 27. hxg5 h6 28. gxh6 Kh7 29. Rdc3 Kxh6 30. Kf1 Kg7 31. Ke2 a5 32. bxa5 Ra6 33. Rc5 Rca8 34. R1c3 Rxa5 35. Rxa5 Rxa5 36. Kd2 Ra4 37. Rd3 g5 38. Kc2 f6 39. f4 gxf4 40. gxf4 fxe5 41. fxe5 Kg6 42. Kb3 Ra5 43. Rf3 c5 44. dxc5 Rxc5 45. Rf6+ Kg5 46. Rxe6 Kf5 47. Re8 d4 48. e6 Re5 49. e7 Kf6 50. Rd8 Kxe7 51. Rxd4 Re6 52. Kc4 Rd6 53. Rh4 Kd7 54. Kc5 Rg6 55. a4 Kc7 56. Rh7+ Kb8 57. a5 Ka8 58. Rd7 Rh6 59. Kb5 Rg6 60. Rc7 Rh6 61. a6 Rh1 62. a7 Rb1+ 63. Kc6 Rc1+ 64. Kd7 Rxc7+ 65. Kxc7 Kxa7 1/2-1/2

[Event "EU Union-ch U12 7th"]
[Site "Mureck"]
[Date "2009.08.07"]
[Round "3"]
[White "Varadi, Benedek"]
[Black "Mateus, Andre"]
[Result "1-0"]
[WhiteElo "1775"]
[BlackElo "1531"]
[PlyCount "85"]
[EventDate "2009.08.05"]
[EventType "swiss"]
[EventRounds "9"]
[EventCountry "AUT"]
[SourceTitle "CBM 132 Extra"]
[Source "ChessBase"]
[SourceDate "2009.11.03"]
[SourceVersion "1"]
[SourceVersionDate "2009.11.03"]
[SourceQuality "1"]

1. d4 d5 2. c4 e6 3. Nf3 Nf6 4. g3 dxc4 5. Bg2 Be7 6. 0-0 0-0 7. Qc2 Nbd7 8. Rd1 Re8 9. Qxc4 a6 10. Qc2 Nf8 11. Ne5 Nd5 12. a3 Ng6 13. Nc3 Nxc3 14. bxc3 c5 15. Nxg6 hxg6 16. Rb1 cxd4 17. cxd4 Qa5 18. Bxb7 Bxb7 19. Rxb7 Bxa3 20. Bxa3 Qxa3 21. Qc7 Rf8 22. Qc5 Qxc5 23. dxc5 a5 24. Rdd7 a4 25. Ra7 a3 26. Rxf7 Rxa7 27. Rxa7 Rc8 28. Rxa3 Rxc5 29. Rf3 Kh7 30. Kg2 g5 31. Re3 Rc6 32. Kf3 Kg6 33. Ra3 Kf6 34. e4 Rb6 35. Ra2 Rb3+ 36. Kg4 Rb4 37. f3 Rb6 38. Ra5 e5 39. Ra8 Rc6 40. Rf8+ Kg6 41. Rf5 Rf6 42. Rxg5+ Kf7 43. Rf5 1-0

[Event "Burgas op 17th"]
[Site "Ourense"]
[Date "2008.07.11"]
[Round "9"]
[White "Portela Gonzalez, Adrian"]
[Black "Mateus, Andre"]
[Result "1-0"]
[WhiteElo "1858"]
[BlackElo "1445"]
[PlyCount "35"]
[EventDate "2008.07.03"]
[EventType "swiss"]
[EventRounds "9"]
[EventCountry "ESP"]
[SourceTitle "CBM 125 Extra"]
[Source "ChessBase"]
[SourceDate "2008.09.01"]
[SourceVersion "1"]
[SourceVersionDate "2008.09.01"]
[SourceQuality "1"]

1. e4 c5 2. Nf3 d6 3. d4 cxd4 4. Nxd4 Nf6 5. Nc3 g6 6. Be3 Bg7 7. f3 0-0 8. Qd2 Nc6 9. h4 Bd7 10. 0-0-0 Rc8 11. h5 Nxh5 12. g4 Nf6 13. Kb1 Qa5 14. Nb3 Qd8 15. Bh6 e6 16. Bxg7 Kxg7 17. Qh6+ Kh8 18. e5 1-0

[Event "Burgas op 17th"]
[Site "Ourense"]
[Date "2008.07.10"]
[Round "8"]
[White "Mateus, Andre"]
[Black "Cauchy Fernandez, Amando"]
[Result "1/2-1/2"]
[WhiteElo "1445"]
[BlackElo "1790"]
[PlyCount "75"]
[EventDate "2008.07.03"]
[EventType "swiss"]
[EventRounds "9"]
[EventCountry "ESP"]
[SourceTitle "CBM 125 Extra"]
[Source "ChessBase"]
[SourceDate "2008.09.01"]
[SourceVersion "1"]
[SourceVersionDate "2008.09.01"]
[SourceQuality "1"]

1. e4 c5 2. Nf3 Nc6 3. Bb5 e6 4. 0-0 g6 5. c3 Bg7 6. d4 cxd4 7. cxd4 d5 8. e5 Nge7 9. Nc3 0-0 10. Bg5 Qb6 11. Bxc6 Nxc6 12. Qd2 f6 13. exf6 Bxf6 14. Bxf6 Rxf6 15. a3 Qd8 16. b4 a6 17. Ne5 Nxe5 18. dxe5 Rf5 19. f4 Bd7 20. Ne2 Bb5 21. Rf2 Bxe2 22. Rxe2 Qb6+ 23. Kh1 Rc8 24. g3 Qc6 25. Ra2 Rff8 26. Rc2 Qd7 27. Rxc8 Rxc8 28. Re3 Qc6 29. Kg1 Kf7 30. Kf2 Ke7 31. g4 Qc4 32. Rd3 Rf8 33. Rd4 Qb3 34. Rd3 Rxf4+ 35. Qxf4 Qxd3 36. Qf6+ Kd7 37. Qf7+ Kc6 38. Qxe6+ 1/2-1/2

[Event "Burgas op 17th"]
[Site "Ourense"]
[Date "2008.07.04"]
[Round "2"]
[White "Mateus, Andre"]
[Black "Fernandez Andrade, Antonio"]
[Result "0-1"]
[WhiteElo "1445"]
[BlackElo "1861"]
[PlyCount "72"]
[EventDate "2008.07.03"]
[EventType "swiss"]
[EventRounds "9"]
[EventCountry "ESP"]
[SourceTitle "CBM 125 Extra"]
[Source "ChessBase"]
[SourceDate "2008.09.01"]
[SourceVersion "1"]
[SourceVersionDate "2008.09.01"]
[SourceQuality "1"]

1. e4 c5 2. Nf3 d6 3. Bb5+ Nd7 4. 0-0 a6 5. Bxd7+ Bxd7 6. c3 Nf6 7. Re1 e6 8. d4 Be7 9. Nbd2 0-0 10. Nf1 Qc7 11. Ng3 Rad8 12. Bf4 Qb6 13. Qe2 cxd4 14. cxd4 Bb5 15. Qc2 Rc8 16. Qb3 Qd8 17. Rac1 Qd7 18. Rxc8 Rxc8 19. Rc1 Rxc1+ 20. Bxc1 Qc6 21. Qc3 Nxe4 22. Nxe4 Qxe4 23. Qc8+ Bf8 24. h3 Bc6 25. Bg5 f6 26. Bh4 Qb1+ 27. Kh2 Qxa2 28. Bg3 e5 29. dxe5 dxe5 30. Nxe5 fxe5 31. Bxe5 Qf7 32. f4 Qg6 33. g4 Qe8 34. Qc7 Qd7 35. Qb8 Qd2+ 36. Kg3 Qe1+ 0-1

[Event "American Continental 04th"]
[Site "Cali"]
[Date "2007.07.17"]
[Round "8"]
[White "Barros, Raul"]
[Black "Mateus, Andre"]
[Result "1/2-1/2"]
[WhiteElo "2056"]
[BlackElo "2194"]
[PlyCount "86"]
[EventDate "2007.07.10"]
[EventType "swiss"]
[EventRounds "11"]
[EventCountry "COL"]
[SourceTitle "CBM 119 Extra"]
[Source "ChessBase"]
[SourceDate "2007.09.04"]
[SourceVersion "1"]
[SourceVersionDate "2007.09.04"]
[SourceQuality "1"]

1. Nf3 d5 2. d4 c5 3. e3 cxd4 4. exd4 Nc6 5. c3 Bf5 6. Bf4 Nf6 7. Nbd2 e6 8. Qb3 Qc8 9. Be2 h6 10. h3 Be7 11. Rc1 0-0 12. 0-0 a6 13. a4 Qd7 14. Ne5 Nxe5 15. Bxe5 Ne4 16. Nxe4 Bxe4 17. Qd1 Bg5 18. Ra1 Rac8 19. Bd3 Bxd3 20. Qxd3 Rc4 21. Qg3 f5 22. f4 Bf6 23. Bxf6 Rxf6 24. a5 Qb5 25. b4 Qc6 26. Rf3 Rf8 27. Qe1 Rc8 28. Ra3 Qd7 29. Qe3 R8c6 30. Rg3 Kh7 31. Qe2 Qf7 32. Kh2 g6 33. Qe3 Rc8 34. Qe1 Qf6 35. Re3 R4c6 36. h4 Rg8 37. Rh3 Kg7 38. Qe3 Kf7 39. Ra2 Rg7 40. Rc2 Rg8 41. Qd2 Rc4 42. Qe3 Rc6 43. Qd2 Rc4 1/2-1/2

[Event "American Continental 04th"]
[Site "Cali"]
[Date "2007.07.16"]
[Round "7"]
[White "Mateus, Andre"]
[Black "Rios Gomez, Cristhian Camilo"]
[Result "1/2-1/2"]
[WhiteElo "2194"]
[BlackElo "2013"]
[PlyCount "101"]
[EventDate "2007.07.10"]
[EventType "swiss"]
[EventRounds "11"]
[EventCountry "COL"]
[SourceTitle "CBM 119 Extra"]
[Source "ChessBase"]
[SourceDate "2007.09.04"]
[SourceVersion "1"]
[SourceVersionDate "2007.09.04"]
[SourceQuality "1"]

1. e4 c5 2. Nf3 e6 3. d4 cxd4 4. Nxd4 Nf6 5. Bd3 Nc6 6. Nxc6 bxc6 7. Nd2 d6 8. 0-0 Be7 9. Kh1 0-0 10. f4 Qc7 11. b3 e5 12. fxe5 dxe5 13. Nc4 Be6 14. Qe1 Kh8 15. Bg5 Rae8 16. Qa5 Qxa5 17. Nxa5 Rc8 18. h3 Rc7 19. Rad1 Re8 20. Bxf6 Bxf6 21. Bc4 Bxc4 22. Nxc4 h6 23. Rd3 Re6 24. Rfd1 Kh7 25. Rd7 Re7 26. Rxe7 Rxe7 27. Rd6 Rc7 28. Kg1 Be7 29. Rd3 f6 30. Kf1 Kg8 31. Ke2 Kf7 32. a3 Ke6 33. g4 g6 34. b4 f5 35. gxf5+ gxf5 36. Rg3 Bg5 37. h4 Bxh4 38. Rg6+ Bf6 39. exf5+ Kxf5 40. Rxh6 Ke6 41. Ne3 Rg7 42. Kf3 Kf7 43. Ng4 e4+ 44. Kg3 Bb2 45. Rxc6 Bxa3 46. Rc7+ Kg8 47. Rxg7+ Kxg7 48. b5 Bd6+ 49. Kf2 Bc5+ 50. Ke2 Kf7 51. Ne3 1/2-1/2

[Event "American Continental 04th"]
[Site "Cali"]
[Date "2007.07.10"]
[Round "1"]
[White "Mateus, Andre"]
[Black "Zapata, Alonso"]
[Result "0-1"]
[WhiteElo "2194"]
[BlackElo "2504"]
[PlyCount "58"]
[EventDate "2007.07.10"]
[EventType "swiss"]
[EventRounds "11"]
[EventCountry "COL"]
[SourceTitle "CBM 119 Extra"]
[Source "ChessBase"]
[SourceDate "2007.09.04"]
[SourceVersion "1"]
[SourceVersionDate "2007.09.04"]
[SourceQuality "1"]

1. e4 c5 2. Nf3 e6 3. d4 cxd4 4. Nxd4 Nc6 5. Nxc6 bxc6 6. Bd3 d5 7. 0-0 Nf6 8. Nd2 Be7 9. Qe2 0-0 10. b3 a5 11. Bb2 a4 12. f4 Qa5 13. Kh1 Ba6 14. e5 Bxd3 15. cxd3 Nd7 16. f5 exf5 17. Nf3 a3 18. Bd4 c5 19. Bg1 Qa6 20. Rae1 Rfe8 21. Qc2 g6 22. d4 Rac8 23. Qd2 c4 24. bxc4 Rxc4 25. Be3 Rec8 26. Qf2 Rc2 27. Qg3 Rxa2 28. Bg5 Bf8 29. Nh4 Re2 0-1

[Event "Porto district-ch U10"]
[Site "Porto"]
[Date "2006.02.26"]
[Round "2"]
[White "Mateus, Andre"]
[Black "Dias, Pedro"]
[Result "1-0"]
[WhiteElo "1488"]
[BlackElo "1211"]
[PlyCount "135"]
[EventDate "2006.02.25"]
[EventType "tourn"]
[EventRounds "5"]
[EventCountry "POR"]
[SourceTitle "EXT 2008"]
[Source "ChessBase"]
[SourceDate "2007.11.25"]
[SourceVersion "1"]
[SourceVersionDate "2007.11.25"]
[SourceQuality "1"]

1. e4 e5 2. Nf3 Nc6 3. Nc3 Nf6 4. Bc4 Bc5 5. d3 0-0 6. 0-0 d6 7. h3 Be6 8. Bb3 h6 9. Be3 Bb6 10. Re1 Ba5 11. Rf1 Re8 12. Ba4 a6 13. b3 b5 14. Nxb5 axb5 15. Bxb5 Bd7 16. Bxc6 Bxc6 17. Rb1 Bb4 18. c3 Bc5 19. d4 Bb5 20. dxc5 Bxf1 21. Qxf1 Rxa2 22. cxd6 Qxd6 23. Rd1 Qe6 24. c4 Qe7 25. Ra1 Rxa1 26. Qxa1 Nd7 27. Qa5 Qd6 28. b4 Rc8 29. c5 Qd3 30. c6 Nf6 31. Nxe5 Qxe4 32. Qa6 Qxe5 33. Qxc8+ Kh7 34. g3 Nd5 35. Bf4 Ne7 36. Bxe5 Nxc8 37. Bxc7 Kg8 38. b5 Kf8 39. b6 Nxb6 40. Bxb6 Ke8 41. Kg2 f5 42. f4 Ke7 43. c7 Kd7 44. h4 Kc6 45. h5 Kb7 46. Kf2 Kc8 47. Ke3 Kb7 48. Kd4 Kc8 49. Ke5 Kb7 50. Kxf5 Kc8 51. Ke6 Kb7 52. Kd7 Kxb6 53. c8R Kb5 54. Rc1 Kb4 55. Kd6 Kb3 56. Kd5 Kb2 57. Rc8 Kb1 58. Kd4 Kb2 59. Kd3 Kb1 60. Kd2 Kb2 61. Rb8+ Ka3 62. Kc3 Ka4 63. Rb1 Ka5 64. Kc4 Ka6 65. Kc5 Ka7 66. Kc6 Ka8 67. Kc7 Ka7 68. Ra1# 1-0